000 00300nam a2200133Ia 4500
008 240624s9999 xx 000 0 und d
041 _aeng
082 _a823 TEJ
100 _aTEJPAL TARUN
245 _aALCHEMY OF DESIRE
260 _c2006
_aNew Delhi
_bPicador
300 _a518 : p.
365 _cRS
999 _c17113
_d17113